Ejercicios de contabilidad nacional / (Record no. 178476)

MARC details
000 -LEADER
campo de control de longitud fija 00893nam a22002295i 4500
001 - NÚMERO DE CONTROL
campo de control 178476
003 - IDENTIFICADOR DE NÚMERO DE CONTROL
campo de control ES-MaACL
005 - FECHA Y HORA DE LA ÚLTIMA TRANSACCIÓN
campo de control 20250902030434.0
008 - DATOS DE LONGITUD FIJA--INFORMACIÓN GENERAL
campo de control de longitud fija 110602s1967 sp |||| | spa d
080 ## - NÚMERO DE LA CLASIFICACIÓN DECIMAL UNIVERSAL
Número de la Clasificación Decimal Universal 336.14(460)
100 1# - ENTRADA PRINCIPAL--NOMBRE DE PERSONA
Nombre de persona Vibert, G.
9 (RLIN) 146867
245 10 - MENCIÓN DEL TÍTULO
Título Ejercicios de contabilidad nacional /
Mención de responsabilidad, etc. G. Vibert ; prólogo de Emilio de Figueroa Martínez ; versión española de Joaquín García Jabaloyas.
260 ## - PUBLICACIÓN, DISTRIBUCIÓN, ETC.
Lugar de publicación, distribución, etc. Madrid :
Nombre del editor, distribuidor, etc. ICE,
Fecha de publicación, distribución, etc. imp. 1967.
300 ## - DESCRIPCIÓN FÍSICA
Extensión 305, [5] p. ;
Dimensiones 24 cm.
490 1# - MENCIÓN DE SERIE
Mención de serie Selecciones de economía de la empresa. Serie C : Supuestos y casos ;
Designación de volumen o secuencia 4
650 #4 - PUNTO DE ACCESO ADICIONAL DE MATERIA--TÉRMINO DE MATERIA
Término de materia o nombre geográfico como elemento de entrada Contabilidad nacional-
Subdivisión geográfica España.
9 (RLIN) 11312
700 1# - ENTRADA AGREGADA--NOMBRE PERSONAL
Nombre de persona Figueroa, Emilio de.
9 (RLIN) 50780
700 1# - ENTRADA AGREGADA--NOMBRE PERSONAL
Nombre de persona García Jabaloyas, Joaquín.
9 (RLIN) 146868
830 00 - PUNTO DE ACCESO ADICIONAL DE SERIE-TÍTULO UNIFORME
Título uniforme Selecciones de economía de la empresa (ICE)
Designación de volumen o secuencia 4
9 (RLIN) 190989
852 ## - LOCALIZACIÓN
Ubicación ES-MaACL
Número de control de estantería E-15225
Encuadernación Olim P-1278
Holdings
Estatus retirado Estado de pérdida Estado de daño No para préstamo Biblioteca de origen Biblioteca actual Ubicación en estantería Fecha de adquisición Fuente de adquisición Total de préstamos Signatura topográfica completa Código de barras Visto por última vez Precio de reemplazo Tipo de ítem Koha
        Biblioteca del Ateneo de Madrid Biblioteca del Ateneo de Madrid Depósito 2 02/06/2011     E-15225 1187478 23/02/2023 23/02/2023 Libro impreso